Catalog

Record Details

Catalog Search



Puck heaven : Minnesota State Boys Hockey ... Read More

Hoey, Jim.(Author).

Available copies

  • 4 of 4 copies available at LARL/NWRL Consortium.
  • 3 of 3 copies available at Lake Agassiz Regional Library. (Show preferred library)

Current holds

0 current holds with 4 total copies.

Show Only Available Copies
Location Call Number / Copy Notes Barcode Shelving Location Status Due Date
Crookston Public Library 796.963 HOE (Text) 33500010846228 Main Available -
Fertile Public Library 796.963 HOE (Text) 33500010846210 Main Available -
Moorhead Public Library 796.963 HOE (Text) 33500010846194 Main Available -
Roseau Public Library MN 796.962 HOE (Text) 35500005021660 Main Available -

Record details

  • ISBN: 9781935666288 (pbk.)
  • ISBN: 1935666282 (pbk.)
  • Physical Description: 295 p. : ill, ports. ; 23 cm.
  • Publisher: Minneapolis, MN : Nodin Press, c2011.

Content descriptions

Formatted Contents Note:
Introduction : personal perspective -- The 1940s ... Read More
Subject: Hockey > Tournaments > Minnesota > History > Miscellanea.
Hockey > Tournaments > Minnesota > History.
Hockey players > Minnesota > History > Miscellanea.
School sports > Minnesota > History > Miscellanea.
LDR 02179cam a2200409Ia 4500
001138976
003LARL_NWRL_CONSORTIUM
00520120831171235.0
008110517s2011 mnuac 000 0 eng d
010 . ‡a2011940575
020 . ‡a9781935666288 (pbk.)
020 . ‡a1935666282 (pbk.)
035 . ‡a(OCoLC)726817797
040 . ‡aBTCTA ‡beng ‡cBTCTA ‡dHCO ‡dBDX
043 . ‡an-us-mn
050 4. ‡aGV848.4.U6 ‡bH64 2011
08204. ‡a796.96209776 ‡222
1001 . ‡aHoey, Jim.
24510. ‡aPuck heaven : ‡bMinnesota State Boys Hockey Tournament trivia / ‡cJim Hoey.
24630. ‡aMinnesota State Boys Hockey Tournament trivia
260 . ‡aMinneapolis, MN : ‡bNodin Press, ‡cc2011.
300 . ‡a295 p. : ‡bill, ports. ; ‡c23 cm.
5050 . ‡aIntroduction : personal perspective -- The 1940s -- The 1950s -- The 1960s -- The 1970s -- The 1980s -- The 1990s -- The 2000s -- Top players by decade -- Coaches -- Arenas and facilities -- Non-playing personnel -- The media -- Team records -- Individual records -- Potpourri -- All-tournament teams -- Hockey lists.
650 0. ‡aHockey ‡xTournaments ‡zMinnesota ‡xHistory ‡vMiscellanea.
650 0. ‡aHockey ‡xTournaments ‡zMinnesota ‡xHistory.
650 0. ‡aHockey players ‡zMinnesota ‡xHistory ‡vMiscellanea.
650 0. ‡aSchool sports ‡zMinnesota ‡xHistory ‡vMiscellanea.
948 . ‡hNO HOLDINGS IN LAL - 14 OTHER HOLDINGS
994 . ‡aZ0 ‡bLAL
901 . ‡a138976 ‡bOCLC ‡c138976 ‡tbiblio

Additional Resources